|
|
|
|
| LEADER |
00000nam2a2200000 4500 |
| 001 |
312086 |
| 005 |
20231102002442.0 |
| 020 |
|
|
|a RU
|b 87-46654ж
|
| 035 |
|
|
|a (RuTPU)RU\TPU\book\337453
|
| 035 |
|
|
|a RU\TPU\book\296482
|
| 090 |
|
|
|a 312086
|
| 100 |
|
|
|a 20151217d1981 k y0rusy5003 ca
|
| 101 |
0 |
|
|a rus
|
| 102 |
|
|
|a UA
|
| 105 |
|
|
|a a z 001zy
|
| 200 |
0 |
|
|a Вып. 1
|f под ред. Ф. К. Андрющенко
|
| 210 |
|
|
|d 1981
|
| 215 |
|
|
|a 90 с.
|c ил.
|
| 305 |
|
|
|a Основан в 1981 г.
|
| 320 |
|
|
|a Библиогр. в конце ст.
|
| 461 |
|
1 |
|0 (RuTPU)RU\TPU\book\119209
|t Современные проблемы промышленного электролиза, коррозии и защиты окружающей среды
|f Харьковский политехнический институт (ХПИ)
|v Вып. 1
|d 1981
|s Вестник Харьковского политехнического института ; № 177
|
| 606 |
1 |
|
|a Электрохимия прикладная
|2 stltpush
|3 (RuTPU)RU\TPU\subj\21017
|9 46069
|
| 610 |
1 |
|
|a промышленный электролиз
|
| 610 |
1 |
|
|a коррозия
|
| 610 |
1 |
|
|a окружающая среда
|
| 610 |
1 |
|
|a покрытия
|
| 610 |
1 |
|
|a осаждение
|
| 610 |
1 |
|
|a конструкционные материалы
|
| 610 |
1 |
|
|a оборудование
|
| 610 |
1 |
|
|a электролиты
|
| 610 |
1 |
|
|a анодные пленки
|
| 610 |
1 |
|
|a оксидные пленки
|
| 610 |
1 |
|
|a электропроводность
|
| 675 |
|
|
|a 621.35
|v 3
|
| 702 |
|
1 |
|a Андрющенко
|b Ф. К.
|4 340
|
| 801 |
|
0 |
|a RU
|b RuMRKP
|c 19950417
|g psbo
|
| 801 |
|
1 |
|a RU
|b 63413507
|c 20141024
|
| 801 |
|
2 |
|a RU
|b 63413507
|c 20191001
|g RCR
|
| 942 |
|
|
|c BK
|